| 000 | 00523nam a2200205 a 4500 | ||
|---|---|---|---|
| 999 |
_c6577 _d6577 |
||
| 001 | 6577 | ||
| 003 | BD-JhCC | ||
| 005 | 20180218092648.0 | ||
| 008 | 180125b1966 uk |||| |||| 000 0 eng d | ||
| 035 | _a(BD-JhCC) | ||
| 040 |
_aBD-JhCC _dBD-JhCC |
||
| 041 | _aeng | ||
| 082 |
_a811.008 _bMUR 1914 |
||
| 100 | _aMurphy, Francis | ||
| 245 |
_aMajor American Poets to 1914 / _cFrancis Murphy |
||
| 260 |
_aLondon: _bD. C. Heath and Company; _c1914 |
||
| 300 |
_a438 p;, _c22 cm |
||
| 650 | _aAmerican Poetry | ||
| 942 |
_2ddc _cBK |
||